[Event "Ljubljana-chT 73rd"]
[Site "Ljubljana"]
[Date "2020.01.23"]
[Round "2.3"]
[White "Trebusak, Anton"]
[Black "Kodric, Ales"]
[Result "1/2-1/2"]
[WhiteElo "1795"]
[BlackElo "1571"]
[PlyCount "62"]
[EventDate "2020.01.16"]
[EventType "team-swiss"]
[EventRounds "6"]
[EventCountry "SLO"]
[SourceTitle "EXT 2024"]
[Source "ChessBase"]
[SourceDate "2023.10.10"]
[SourceVersion "1"]
[SourceVersionDate "2023.10.10"]
[SourceQuality "1"]
[WhiteTeam "Komenda Popotnik"]
[BlackTeam "Klinicni Center"]
[WhiteTeamCountry "SLO"]
[BlackTeamCountry "SLO"]

1. c4 f5 2. d4 e6 3. Nc3 Nf6 4. Nf3 Be7 5. Bg5 Ne4 6. Bxe7 Qxe7 7. Qc2 Nxc3 8. Qxc3 0-0 9. e3 d6 10. Bd3 Nd7 11. 0-0-0 e5 12. dxe5 dxe5 13. e4 f4 14. Bc2 b6 15. h4 Bb7 16. h5 h6 17. Nh4 Qf7 18. Ng6 Rfe8 19. f3 Qe6 20. Nh4 Rad8 21. Rdg1 Qf6 22. Nf5 Nc5 23. g3 Bc8 24. gxf4 Bxf5 25. fxe5 Qxe5 26. Qxe5 Rxe5 27. exf5 Nd3+ 28. Kb1 Rxf5 29. Rh3 Rf4 30. Rhg3 Rf7 31. Rd1 Rfd7 1/2-1/2

[Event "SLO-chT Central 20th"]
[Site "Slovenia"]
[Date "2019.09.26"]
[Round "3.3"]
[White "Bohorc, Edo"]
[Black "Kodric, Ales"]
[Result "1-0"]
[WhiteElo "2025"]
[BlackElo "1560"]
[PlyCount "69"]
[EventDate "2019.09.12"]
[EventType "team-tourn"]
[EventRounds "7"]
[EventCountry "SLO"]
[SourceTitle "EXT 2024"]
[Source "ChessBase"]
[SourceDate "2023.10.10"]
[SourceVersion "1"]
[SourceVersionDate "2023.10.10"]
[SourceQuality "1"]
[WhiteTeam "Bor Dob"]
[BlackTeam "Klinicni Center"]
[WhiteTeamCountry "SLO"]
[BlackTeamCountry "SLO"]

1. e4 d6 2. d4 Nf6 3. Nc3 Nbd7 4. Bc4 e5 5. Nf3 Be7 6. Bg5 0-0 7. h3 c6 8. 0-0 b5 9. dxe5 dxe5 10. Bd3 Qc7 11. a3 Re8 12. Re1 Nf8 13. Be3 Ng6 14. Kh2 h6 15. Qc1 Bf8 16. g3 Be6 17. Bf1 a5 18. Nd2 Rad8 19. f3 Nh5 20. Nb3 f5 21. exf5 Bxf5 22. Ne4 Bxe4 23. fxe4 Rd7 24. Rd1 Rf7 25. c4 Rf3 26. Be2 Rxe3 27. Qxe3 Nf6 28. cxb5 cxb5 29. Rac1 Qe7 30. Nxa5 h5 31. Bxb5 Ra8 32. Nc6 Qe8 33. Nd4 exd4 34. Qb3+ Qf7 35. Bc4 1-0